01266nam a22002177a 45000010005000000030006000050050017000110080041000280200017000690400030000860500009001160820012001251000015001372450035001522600049001873000048002365200679002846500055009639420015010189990015010338752FISKH20251017090828.0251017b cb ||||| |||| 00| 0 eng d a719531900900 aFISKHbengcFISKHdFISKH  aPZ7  a372.465 aAnonymous  aThe complete book of phonics / aColumbus : bChildren's Publishing, c2003.  a351 pages : bcolor illustrations ; c28 cm aThe Complete Book of Phonics is a comprehensive learning resource designed to help children ages 4 to 9 develop strong reading and spelling foundations through phonics. The book introduces the basic relationships between letters and sounds, helping young learners decode words, improve pronunciation, and build vocabulary. It begins with simple concepts—such as identifying letters and their sounds—and gradually advances to more complex topics, including consonant blends, digraphs, long and short vowels, and word families. Each section includes colorful illustrations, fun exercises, and review pages to keep students engaged while reinforcing what they have learned. aPhonics vReading Literacy xDecoding strategies 2ddccBKn0 c8752d8752